Slytherin Characters - Sudden Death - Statistics

General Stats
  • This quiz has been taken 90 times
  • The average score is 7 of 15
Answers on the Grid
Answers color-coded by a green-red scale on the quiz's grid according to % correct below.
Padma Patil
The Gray Lady
Gilderoy Lockhart
Filius Flitwick
Luna Lovegood
Cho Chang
Roger Davies
Marietta Edgecombe
Penelope Clearwater
Anthony Goldstein
Garrick Ollivander
Michael Corner
Terry Boot
Moaning Myrtle
Quirinus Quirrel
Minerva McGonagall
Hermione Granger
Seamus Finnigan
Harry Potter
Ron Weasley
Nearly Headless Nick
Sir Cadogan
Neville Longbottom
Albus Dumbledore
Arthur Weasley
Peter Pettigrew
Lee Jordan
Andrew Kirke
Ginny Weasley
Parvati Patil
Zacharias Smith
Pomona Sprout
Fat Friar
Susan Bones
Justin Finch-Fletchley
Cedric Diggory
Ernie MacMillan
Hannah Abbott
Nymphadora Tonks
Alastor "Mad Eye" Moody
Newt Scamander
Stebbins
Hengist of Woodcroft
Teddy Lupin
Helga Hufflepuff
Draco Malfoy
Millicent Bullstrode
Dolores Umbridge
Bloody Baron
Voldemort
Theodore Nott
Blaise Zabini
Horace Slughorn
Severus Snape
Marcus Flint
Alecto Carrow
Merlin
Gregory Goyle
Avery
Andromeda Tonks
 
Answer Stats
Answer % Correct
Severus Snape
64%
Blaise Zabini
57%
Draco Malfoy
57%
Horace Slughorn
57%
Voldemort
57%
Alecto Carrow
48%
Dolores Umbridge
48%
Gregory Goyle
48%
Marcus Flint
48%
Millicent Bullstrode
48%
Bloody Baron
40%
Theodore Nott
38%
Merlin
33%
Avery
26%
Andromeda Tonks
24%
No matching quizzes found
Score Distribution
Percent of People with Each Score
Percentile by Number Answered
Your Score History
You have not taken this quiz